| 000 | 00363cam a2200145ua 4500 | ||
|---|---|---|---|
| 041 |
_amal _h |
||
| 082 |
_a921 _bAAB/SR |
||
| 100 | _aAabu, O . | ||
| 245 |
_aSree Narayanante ekalokam / _cO Aabu. _hTextual Documents |
||
| 260 |
_aQuilon : _bSree Rama Vilasam Press & Book Depot , _c1954. |
||
| 300 | _a74 ; . | ||
| 504 | _a | ||
| 942 | _cBK | ||
| 999 |
_c5211 _d5211 |
||